000 01344cad a22002415a 4500
001 L143450
008 080512s20080512xxk f 000 0 eng d
035 _a(Sirsi) u143450
041 0 _aeng
050 0 4 _a711.1 $2 18
110 1 _aUnited Kingdom
_bDepartment for Communities and Local Government
_94939
245 0 0 _aSustainable Communities Act 2007
_bconsultation on draft regulations and statutory guidance
_h[electronic resource]
260 _aLondon
_bDCLG
_c2008
520 _aSeeks views on regulations and statutory guidance to be published for the Sustainable Communities Act 2007. Includes the draft text of the regulations, which aim to ensure inclusion of local groups and people. Also includes proposals by local authorities. Contains a quick guide to the Act, and a timetable for its implementation. Responses are due by 12 May 2008.
521 2 _aAdvanced
590 _aKA
650 2 4 _aSUSTAINABLE COMMUNITIES ACT 2007
651 4 _aUnited Kingdom
_y
690 _aENVIRONMENTAL AND LAND CONSULTANCY-SUSTAINABILITY-SUSTAINABLE DEVELOPMENT
690 _aENVIRONMENTAL AND LAND CONSULTANCY-PLANNING AND DEVELOPMENT-STRATEGIC PLANNING
856 4 0 _uhttps://www.communities.gov.uk/publications/localgovernment/sustainablecommunitiesact2007
_zView the consultation free of charge at www.communities.gov.uk...
942 _n0
999 _c108160
_d108160